• 首页
  • 本馆介绍
  • 公告通知
  • 最新文献
  • 馆藏检索
  • 电子资源
  • 读者导购
  • 参考咨询
  • 我的图书馆
  • 登录
  • 详细信息显示
  • 放入我的书架
  • 预约/预借图书
  • 作者相关作品
  • 分类相关作品
  • 丛书相关作品
  • 出版社相关作品

书目信息

  • 表格格式
  • 工作单格式
  • 卡片格式
题名:
运动与心理健康
    
 
作者: 赵夏娣 主编
分册:  
出版信息: 西安   西北工业大学出版社  2010
页数: 255页
开本: 23cm
丛书名:
单 册:
中图分类: G804.8
科图分类:
主题词: 体育心理学--高等学校--教材 , 体育心理学
电子资源:
ISBN: 978-7-5612-2802-9
000 00886nam0 2200253 45
001 1138456422
005 20110419095950.14
010    @a978-7-5612-2802-9@dCNY29.00
100    @a20110409d2010 em y0chiy0110 ea
101 0  @achi
102    @aCN@b610000
105    @aak z 000yy
106    @ar
200 1  @a运动与心理健康@AYun Dong Yu Xin Li Jian Kang@f赵夏娣主编@FZhao Xia Di Zhu Bian@g赵夏娣[等]编
210    @a西安@c西北工业大学出版社@d2010
215    @a255页@c图@d23cm
300    @a普通高校体育教材
330    @a本书共有十章,内容包括绪论、心理健康概述、运动与心理的关系、运动心理学的基本概念、运动与心理建设、运动与社会适应、运动与心理调控、体育学习中的心理动力调节等。
606 0  @a体育心理学@x高等学校@j教材
606 0  @a体育心理学
690    @aG804.8@v4
701  0 @a赵夏娣@AZhao Xia Di@4主编
801  0 @aCN@bTANGWEI@c20110419
905    @b0535845-49@dG804.8@e469@f5
    
    运动与心理健康/赵夏娣主编/赵夏娣[等]编.-西安:西北工业大学出版社,2010
    255页:图;23cm
    普通高校体育教材
    
    ISBN 978-7-5612-2802-9:CNY29.00
    本书共有十章,内容包括绪论、心理健康概述、运动与心理的关系、运动心理学的基本概念、运动与心理建设、运动与社会适应、运动与心理调控、体育学习中的心理动力调节等。
●
相关链接 在E读中查询图书 在五车中查询图书 在当当中查询图书 在豆瓣中查询图书


正题名:运动与心理健康     索取号:G804.8/469         预约/预借

序号 登录号 条形码 馆藏地/架位号 状态 备注
1 0535845   205358450   第一样本阅览室/ [索取号:G804.8/469] 在馆    
2 0535846   205358469   第四借阅区/ [索取号:G804.8/469] 在馆    
3 0535847   205358478   第四借阅区/ [索取号:G804.8/469] 在馆    
4 0535848   205358487   第四借阅区/ [索取号:G804.8/469] 在馆    
5 0535849   205358496   第四借阅区/ [索取号:G804.8/469] 在馆    
唐山师范学院图书馆 欢迎您!
大连网信软件有限公司© 版权所有